2022 NHL First Round Draft Selections - Statistics

General Stats
  • This quiz has been taken 36 times
  • The average score is 15 of 32
Answer Stats
Pick Name Team Position % Correct
1 Juraj Slafkovsky MTL LW
100%
2 Simon Nemec NJD D
94%
3 Logan Cooley ARI C
82%
4 Shane Wright SEA C
82%
5 Cutter Gauthier PHI LW
71%
6 David Jiricek CBJ D
65%
10 Pavel Mintyukov ANA D
65%
26 Filip Mesar MTL RW
59%
7 Kevin Korchinski CHI D
59%
13 Frank Nazar CHI C
53%
9 Matt Savoie BUF C
53%
8 Marco Kasper DET C
47%
30 Brad Lambert WPG C
41%
12 Denton Mateychuk CBJ D
41%
15 Jonathan Lekkerimaki VAN RW
41%
29 Maveric Lamoureux ARI D
41%
21 Owen Pickering PIT D
41%
14 Rutger McGroarty WPG RW
41%
31 Issac Howard TBL LW
35%
23 Jimmy Snuggerud STL RW
35%
22 Nathan Gaucher ANA C
35%
24 Danila Yurov MIN RW
29%
20 Ivan Miroshnichenko WSH LW
29%
17 Joakim Kemell NSH RW
29%
11 Conor Geekie ARI C
24%
28 Jiri Kulich BUF C
24%
19 Liam Ohgren MIN LW
24%
18 Lian Bichsel DAL D
24%
16 Noah Ostlund BUF C
24%
32 Reid Schaefer EDM LW
24%
25 Sam Rinzel CHI D
24%
27 Filip Bystedt SJS C
18%
No matching quizzes found
Score Distribution
Percent of People with Each Score
Percentile by Number Answered
Your Score History
You have not taken this quiz